Statistiques concernant Culture Générale - Série 479

Cliquez ici pour prendre le quiz!

Statistiques générales

  • Ce quiz a été pris 68 fois
  • Le résultat moyen est 5 sur 10

Statistiques - réponses

QuestionRéponse% Correct
Lors du siège de quelle place forte Jules César vainc‐t‐il Vercingétorix en 52 avant J.‐C. ?Alésia
89%
Dans quel pays d'Afrique de l'Est visite‐t‐on les églises monolithiques de Lalibela et l'obélisque d'Aksoum ?Ethiopie
68%
Dans quelle ville de Côte d'Ivoire a‐t‐on construit une basilique, réplique de Saint‐Pierre de Rome ?Yamoussoukro
63%
Quel film de David Cronenberg a un nom d'insecte pour titre ?La Mouche
63%
Quelle capitale africaine est située au confluent du Nil Bleu et du Nil Blanc ?Khartoum
51%
En 1933, quel futur ministre des Affaires culturelles obtient le prix Goncourt ?André Malraux
48%
Quel dramaturge écrit la pièce de théâtre "Jules César" vers 1599 ?Shakespeare
38%
Quelle ville de Guinée a donné son nom à un diamant célèbre dans le film "Le corniaud" ?Youkounkoun
35%
Avec quel autre général Crassus et César ont‐ils formé un triumvirat ?Pompée
32%
Dans quel restaurant parisien les membres de l'académie Goncourt se réunissent‐ils depuis 1914 ?Drouant
6%

Distribution des résultats

Percentile par nombre de réponses

% des personnes avec chaque résultat

Votre développement - résultats

Vous n’avez pas pris ce quiz